Greenland City Quiz - Statistics

General Stats
  • This quiz has been taken 45 times
  • The average score is 3 of 7
Answer Stats
City % Correct
Nuuk
100%
Sisimiut
47%
Qaqortoq
39%
Aasiaat
33%
Ilulissat
31%
Maniitsoq
28%
Tasiilaq
22%
No matching quizzes found
Score Distribution
Percent of People with Each Score
Percentile by Number Answered
Your Score History
You have not taken this quiz